000 00669nam a22002057a 4500
005 20180530171625.0
010 _aB-132885
020 _c250.00
_a9780143031017
035 _aB-132885
037 _bBPPD/PUB
037 _bBPPD/PUB
_adpl
082 _a915.436 MUK
100 _aMukerjee, Madhusree
245 1 _aThe land of naked people :
_cby Madhusree Mukerjee
_bencounters with stone age islanders /
260 _aNew Delhi
_bPenguin
_c2003
270 _a11 Community Centre, Panchsheel Park
_bNew Delhi
_e110017
300 _axvii, 238p.
_c20cm (pbk)
500 _aIncludes bibliographical references.
942 _adpl
_cEN
_2ddc
_h915.436
_mMUK
999 _c152451
_d152451